Problémy mobility a dopravy seniorů v současném městě
Výskum zameraný na názory a postoje seniorov ako občanov českého mesta a detekovať ich potreby pre urbanistické plánovanie. Projekt InCities - Bezpečná města pro chodce a seniory. Dopravné potreby rôznych sociálnych skupín. Demografické zmeny ako výzva pre Európu a jej spoločenstva a vyplývajúce de...
Enregistré dans:
| Auteur principal: | |
|---|---|
| Format: | Chapitre de livre |
| Langue: | tchèque |
| Sujets: | |
| Tags: |
Pas de tags, Soyez le premier à ajouter un tag!
|
MARC
| LEADER | 00000naa a2200000 4500 | ||
|---|---|---|---|
| 001 | 0273788 | ||
| 005 | 20210519104527.8 | ||
| 041 | 0 | |a cze | |
| 044 | |a SK | ||
| 245 | 1 | 0 | |a Problémy mobility a dopravy seniorů v současném městě |c Karel Schmeidler |
| 520 | |a Výskum zameraný na názory a postoje seniorov ako občanov českého mesta a detekovať ich potreby pre urbanistické plánovanie. Projekt InCities - Bezpečná města pro chodce a seniory. Dopravné potreby rôznych sociálnych skupín. Demografické zmeny ako výzva pre Európu a jej spoločenstva a vyplývajúce demografické trendy. Analýza problémových oblastí dopravy a špecifikácia bariér v doprave. | ||
| 610 | 2 | 0 | |a seniori |
| 610 | 2 | 0 | |a doprava |
| 610 | 2 | 0 | |a obyvateľstvo |
| 610 | 2 | 0 | |a občania |
| 610 | 2 | 0 | |a bicykle |
| 610 | 2 | 0 | |a urbanizácia |
| 610 | 2 | 0 | |a prostredie životné |
| 610 | 2 | 0 | |a mestá |
| 610 | 2 | 0 | |a demografia |
| 610 | 2 | 0 | |a Česko |
| 100 | 1 | |a Schmeidler, Karel | |